00277nam a2200121Ia 4500003000400000008004100004082001300045100001200058245004400070260002300114300001000137650000800147OSt191201s2008 xx 000 0 und d a657bHAA aHANIF,M 0aAdvanced Accounting For CA Intermediate aN.DelhibTMHc2008 a16.49 aBBA